Zelená kniha o retailových službách v EÚ
Finančné služby predstavujú jednu z najdynamickejšie sa rozvíjajúcej oblasti služieb vo svete. Preto aj v rámci EÚ bola prijatá koncepcia tvorby jednotného trhu finančných služieb, ktorá našla svoje vyjadrenie v tzv. Zelenej knihe a následne Bielej knihe o politike finančných služieb (2005-2010). Ci...
Saved in:
| Main Author: | |
|---|---|
| Format: | Book Chapter |
| Language: | Slovak |
| Subjects: | |
| Tags: |
No Tags, Be the first to tag this record!
|
MARC
| LEADER | 00000naa$a2200000$$$4500 | ||
|---|---|---|---|
| 001 | 0067942 | ||
| 005 | 20240502071821.0 | ||
| 041 | 0 | |a slo | |
| 044 | |a SK | ||
| 245 | 1 | 0 | |a Zelená kniha o retailových službách v EÚ |c Božena Chovancová |
| 520 | |a Finančné služby predstavujú jednu z najdynamickejšie sa rozvíjajúcej oblasti služieb vo svete. Preto aj v rámci EÚ bola prijatá koncepcia tvorby jednotného trhu finančných služieb, ktorá našla svoje vyjadrenie v tzv. Zelenej knihe a následne Bielej knihe o politike finančných služieb (2005-2010). Ciele a opatrenia. SEPA-Single euro payment area. Platobné karty. | ||
| 610 | 2 | 0 | |a Európska únia |
| 610 | 2 | 0 | |a služby finančné |
| 610 | 2 | 0 | |a bankovníctvo retailové |
| 610 | 2 | 0 | |a styk platobný |
| 610 | 2 | 0 | |a karty platobné |
| 100 | 1 | |a Chovancová, Božena | |